| 000 | 00722cam a22002175a 4500 | ||
|---|---|---|---|
| 001 | 4530355 | ||
| 005 | 20171225105955.0 | ||
| 008 | 720504s1964 ilua frb 001 0 eng d | ||
| 040 |
_aDLC _cDLC _dDLC _dEG-ScBUE _beng |
||
| 082 | 0 | 4 |
_a301.3 _222 _bWAG |
| 100 | 1 |
_aWagner, Philip L. _q(Philip Laurence), _d1921- |
|
| 245 | 1 | 4 |
_aThe human use of the earth / _cby Philip L Wagner. |
| 260 |
_aGlencoe : _bFree Press ; _aLondon : _bCollier-Macmillan Limited, _c1964. |
||
| 300 |
_axv, 270 p. : _bill. ; _c22 cm. |
||
| 504 | _aIncludes bibliographical references and index. | ||
| 650 | 7 |
_aHuman ecology. _2BUEsh _924284 |
|
| 650 | 7 |
_aHuman geography. _2BUEsh _924253 |
|
| 651 | _2BUEsh | ||
| 653 |
_bGGEN _cDecember2017 |
||
| 942 | _2ddc | ||
| 999 |
_c25794 _d25766 |
||